Harvesting Feminist Knowledge for Public Policy/ (Record no. 182876)
[ view plain ]
| 000 -LEADER | |
|---|---|
| fixed length control field | 00634 a2200193 4500 |
| 005 - DATE AND TIME OF LATEST TRANSACTION | |
| control field | 20220221130050.0 |
| 010 ## - LCCN (DPL NO) | |
| LC control number | ENG-130243 |
| 020 ## - INTERNATIONAL STANDARD BOOK NUMBER | |
| Terms of availability | 795.00 |
| International Standard Book Number | 978-81-321-0741-5 |
| 035 ## - SYSTEM CONTROL NUMBER | |
| System control number | EN-113775 |
| 037 ## - SOURCE OF ACQUISITION | |
| Source of stock number/acquisition | DBAD / PUB |
| 082 ## - DEWEY DECIMAL CLASSIFICATION NUMBER | |
| Classification number | 320.6082 |
| 245 ## - TITLE STATEMENT | |
| Title | Harvesting Feminist Knowledge for Public Policy/ |
| Remainder of title | Edited by Devaki Jain |
| 250 ## - EDITION STATEMENT | |
| Edition statement | 2011 |
| 260 ## - PUBLICATION, DISTRIBUTION, ETC. (IMPRINT) | |
| Place of publication, distribution, etc | New Delhi |
| Name of publisher, distributor, etc | Sage Publications India Pvt Ltd |
| Date of publication, distribution, etc | 2011 |
| 270 ## - ADDRESS | |
| Address | B1/I-1, Mohan Cooperative Industrial Area, Mathura Road |
| City | New Delhi |
| Postal code | 110044 |
| 300 ## - PHYSICAL DESCRIPTION | |
| Extent | xivi, 347p. |
| Dimensions | 23cm (hbk) |
| 700 ## - ADDED ENTRY--PERSONAL NAME | |
| Personal name | Elson, Diane |
| 942 ## - ADDED ENTRY ELEMENTS (KOHA) | |
| Institution code [OBSOLETE] | dpl |
| Item type | English Books |
| Source of classification or shelving scheme | Dewey Decimal Classification |
| Classification part | 320.6082 |
| Call number suffix | HAR |
| Withdrawn status | Lost status | Not for loan | Collection code | Home library | Current library | Date acquired | Source of acquisition | Cost, normal purchase price | Full call number | Barcode | Copy number | Cost, replacement price | Koha item type |
|---|---|---|---|---|---|---|---|---|---|---|---|---|---|
| Non-fiction | Ashok Vihar | Ashok Vihar | 08/12/2021 | DBAD/PUB | 795.00 | 320.6082 HAR | EN-113775 | 1 | 795.00 | English Books |
